Les meilleurs buteurs de ligue 1 depuis 1995 - Statistiques

Statistiques générales
  • Ce quiz a été pris 240 fois
  • Le résultat moyen est 17 sur 28
Statistiques - réponses
saisons buts clubs réponses % Correct
2016-2017 35 Paris Cavani
99%
2017-2018 28 Paris Cavani
99%
2018-2019 33 Paris Mbappé
99%
2019-2020 18 Paris Mbappé
99%
2020-2021 27 Paris Mbappé
99%
2021-2022 28 Paris Mbappé
99%
2022-2023 29 Paris Mbappé
99%
2014-2015 27 Lyon Lacazette
94%
2012-2013 30 Paris Ibrahimovic
93%
2013-2014 26 Paris Ibrahimovic
93%
2015-2016 38 Paris Ibrahimovic
93%
2011-2012 21 Montpellier Giroud
90%
2005-2006 21 Paris Pauleta
66%
2006-2007 15 Paris Pauleta
66%
2007-2008 20 Lyon Benzema
65%
2001-2002 22 Auxerre Cissé
63%
2003-2004 26 Auxerre Cissé
63%
2008-2009 24 Toulouse Gignac
57%
2009-2010 18 Marseille Niang
49%
2010-2011 25 Lille Sow
40%
1996-1997 21 Rennes Guivarc'h
28%
1997-1998 21 Auxerre Guivarc'h
28%
2004-2005 20 Rennes Frei
26%
1998-1999 22 Bordeaux Wiltord
20%
2002-2003 26 Monaco Nonda
19%
1995-1996 21 Monaco Da Silva
0%
1999-2000 23 Lyon Da Silva
0%
2000-2001 22 Lyon Da Silva
0%
Aucun quiz correspondant
Distribution des résultats
% des personnes avec chaque résultat
Percentile par nombre de réponses
Votre historique - résultats
Vous n’avez pas pris ce quiz